Landmarks by Mouse Pad Quiz Stats

 Plays Quiz Updated Jun 7, 2019

Score 0/30 Timer 05:00
2 Plays Today
Hint Landmark Name % Correct
Elizabeth Tower
92.6%
Statue of Liberty
91.9%
Eiffel Tower
91.1%
White House
91%
Leaning Tower of Pisa
90.7%
Great Pyramid of Giza
88.7%
Taj Mahal
88.6%
Stonehenge
87.8%
Sydney Opera House
87.7%
Mount Rushmore
85%
Colosseum
79%
Moai
77.5%
The Louvre
74.6%
Acropolis
73.5%
Christ the Redeemer
69%
Hint Landmark Name % Correct
Saint Basil's Cathedral
60.2%
Brandenburg Gate
58.7%
Uluru
57.7%
The Little Mermaid
57.6%
Kaaba
53.3%
Petronas Towers
49.3%
Petra
48.6%
Machu Picchu
47.8%
CN Tower
45.2%
Sagrada Família
42.3%
Angkor Wat
41%
Chichén Itzá
34%
Neuschwanstein Castle
26.9%
Atomium
22.2%
Itsukushima Shrine
5.5%

You're not logged in!

Compare scores with friends on all Sporcle quizzes.
OR
Log In

Sporcle TV

Today on Sporcle TV


Watch our educational content, quiz creation guides, and fun videos on Sporcle TV.

Show Comments

Extras

Top Quizzes Today


Score Distribution

Your Account Isn't Verified!

In order to create a playlist on Sporcle, you need to verify the email address you used during registration. Go to your Sporcle Settings to finish the process.

Report this User

Report this user for behavior that violates our Community Guidelines.

Details: